[Event "Chigorin Memorial 2014"]
[Site "St Petersburg RUS"]
[Date "2014.10.23"]
[Round "6.108"]
[White "Shuster, Andrei"]
[Black "Strugnell, Carl"]
[Result "0-1"]
[BlackTitle "FM"]
[WhiteElo "2038"]
[BlackElo "2297"]
[WhiteFideId "34152080"]
[BlackFideId "616753"]
[EventDate "2014.10.18"]

1. e4 e6 2. d4 d5 3. Nd2 Nf6 4. Bd3 c5 5. c3 cxd4 6. cxd4 dxe4 7. Nxe4 Bd7 8.
Nc3 Nc6 9. Nf3 Qb6 10. Bb1 Rd8 11. O-O Bc8 12. Na4 Qa5 13. Nc3 h6 14. a3 g5 15.
Bd2 Qb6 16. Na4 Qc7 17. Be3 g4 18. Nh4 Bd6 19. g3 Be5 20. Nc3 Nxd4 21. Bxd4 Bxd4
22. Qa4+ Qd7 23. Qb3 a6 24. Ne2 Be5 25. Bc2 Qd5 26. Qe3 Bd6 27. Nc3 Qc5 28. Qe2
Kf8 29. Ne4 Qe5 30. Rfe1 Be7 31. Nxf6 Qxe2 32. Nh7+ Rxh7 33. Rxe2 Rg7 34. Ng2
Bf6 35. Rb1 Rg5 36. b4 b5 37. Nf4 Re5 38. Rxe5 Bxe5 39. Nd3 Bd4 40. a4 Bd7 41.
axb5 Bxb5 42. Nf4 Bxf2+ 43. Kg2 Rd2 44. Be4 Be3+ 45. Kh1 Bxf4 46. gxf4 f5 47.
Bg2 Rd4 48. Re1 Kf7 0-1

[Event "Chigorin Memorial 2014"]
[Site "St Petersburg RUS"]
[Date "2014.10.23"]
[Round "6.109"]
[White "Trapeznikova, Darya"]
[Black "Stetsko, Lanita"]
[Result "0-1"]
[BlackTitle "FM"]
[WhiteElo "2036"]
[BlackElo "2291"]
[WhiteFideId "24121118"]
[BlackFideId "13505300"]
[EventDate "2014.10.18"]

1. Nf3 Nf6 2. c4 e6 3. d4 d5 4. Nc3 Bb4 5. Qb3 c5 6. cxd5 exd5 7. Bg5 Nc6 8. e3
c4 9. Qc2 h6 10. Bxf6 Qxf6 11. a3 Bf5 12. Qa4 Ba5 13. b4 cxb3 14. Qxb3 Rc8 15.
Rc1 O-O 16. Be2 Bxc3+ 17. Rxc3 Na5 18. Qb4 Rxc3 19. Qxc3 Qb6 20. O-O Rc8 21. Qb4
Qxb4 22. axb4 Nc6 23. b5 Nb4 24. Ra1 Rc2 25. Bf1 Ra2 26. Rxa2 Nxa2 27. Ne5 f6
28. Nd3 b6 29. g4 Bxg4 30. Bg2 Nc3 31. Nf4 Bd7 32. Nxd5 Nxb5 33. Kf1 Kf7 34. Ke2
Bc6 35. Kd3 Nd6 36. Nf4 Bb5+ 37. Kc3 g5 38. Bd5+ Ke7 39. Ng6+ Ke8 40. f4 Be2 41.
e4 Nb5+ 42. Kd2 Nxd4 43. Ke3 Bh5 44. f5 Nc2+ 45. Kd2 Nb4 46. Bb3 Bxg6 47. fxg6
Kf8 48. Kc3 Nc6 0-1

[Event "Chigorin Memorial 2014"]
[Site "St Petersburg RUS"]
[Date "2014.10.23"]
[Round "6.110"]
[White "Sindarov, Javokhir"]
[Black "Turikov, Viktor"]
[Result "1-0"]
[BlackTitle "FM"]
[WhiteElo "1979"]
[BlackElo "2269"]
[WhiteFideId "14205483"]
[BlackFideId "4107810"]
[EventDate "2014.10.18"]

1. e4 Nf6 2. e5 Nd5 3. d4 d6 4. c4 Nb6 5. exd6 cxd6 6. Nf3 Bg4 7. b3 e6 8. Nc3
Be7 9. Be2 O-O 10. O-O Nc6 11. Be3 d5 12. c5 Nc8 13. b4 a6 14. Rb1 Bf6 15. a4
N8e7 16. b5 Bxf3 17. Bxf3 Na5 18. Be2 Nf5 19. Qd2 Nc4 20. Bxc4 dxc4 21. Rfd1 Qa5
22. Nd5 Qxd2 23. Nxf6+ gxf6 24. Rxd2 axb5 25. axb5 Rfd8 26. h3 Ra3 27. b6 Ne7
28. Rc2 c3 29. Bc1 Ra4 30. Rxc3 Raxd4 31. Be3 Rd1+ 32. Rxd1 Rxd1+ 33. Kh2 Kf8
34. Bh6+ Ke8 35. Rg3 Rd5 36. Be3 Ng6 37. Rg4 f5 38. Ra4 f4 39. c6 fxe3 40. cxb7
exf2 41. b8=Q+ Rd8 42. Qxd8+ Kxd8 43. Ra8+ Kd7 44. b7 f1=Q 45. b8=Q Qf4+ 46.
Qxf4 Nxf4 47. Rh8 Ke7 48. Rxh7 Ng6 49. h4 Kf8 50. h5 Ne7 51. h6 Ng6 52. Rg7 Ne7
53. Rg5 Ng6 54. g4 Kg8 55. Rxg6+ fxg6 56. g5 1-0

[Event "Chigorin Memorial 2014"]
[Site "St Petersburg RUS"]
[Date "2014.10.23"]
[Round "6.111"]
[White "Pershin, Denis"]
[Black "Svidinsky, Dmitry"]
[Result "0-1"]
[WhiteElo "2263"]
[BlackElo "2039"]
[WhiteFideId "24165506"]
[BlackFideId "24120251"]
[EventDate "2014.10.18"]

1. e4 c6 2. d4 d5 3. exd5 cxd5 4. Bd3 Nc6 5. c3 Nf6 6. Bf4 Bg4 7. Qb3 Qc8 8. Nd2
e6 9. Ngf3 Be7 10. h3 Bh5 11. O-O-O a6 12. Kb1 b5 13. g4 Bg6 14. Bxg6 hxg6 15.
Ne5 Nxe5 16. Bxe5 Qc6 17. Qc2 O-O 18. f3 Rfc8 19. Qd3 b4 20. cxb4 Bxb4 21. h4
Qb5 22. Qxb5 axb5 23. Bxf6 gxf6 24. h5 gxh5 25. Rxh5 Kg7 26. a3 Bd6 27. Rdh1 Bf4
28. Nb3 Kf8 29. Re1 Bg3 30. Re2 Kg7 31. Rc2 Kg6 32. Nc5 Bf4 33. Rc3 f5 34. Kc2
Bd6 35. Rh4 Kg5 36. Rh5+ Kg6 37. b4 Bxc5 38. dxc5 f6 39. Kb3 Ra6 40. Rd3 Rca8
41. Kb2 d4 42. Rh4 e5 43. gxf5+ Kxf5 44. Rh7 Ke6 45. Rb7 Kd5 46. Re7 Kc4 47. Rb3
f5 48. Ka2 e4 49. fxe4 fxe4 50. Rh3 Rf6 51. Rh2 Rfa6 52. Rh3 e3 53. Rh4 Rxa3+
54. Kb2 Ra2+ 55. Kb1 Ra1+ 0-1

[Event "Chigorin Memorial 2014"]
[Site "St Petersburg RUS"]
[Date "2014.10.23"]
[Round "6.112"]
[White "Bebchuk, Boris"]
[Black "Sheynin, Izrail"]
[Result "1-0"]
[WhiteElo "2204"]
[BlackElo "2030"]
[WhiteFideId "24129640"]
[BlackFideId "4186230"]
[EventDate "2014.10.18"]

1. d4 Nf6 2. c4 c5 3. d5 e6 4. Nc3 exd5 5. cxd5 d6 6. e4 g6 7. Nf3 Bg7 8. Be2
O-O 9. O-O Re8 10. Qc2 Na6 11. Bf4 Nc7 12. Nd2 Rf8 13. Nc4 Nfe8 14. Rad1 b5 15.
Na5 a6 16. Nc6 Qd7 17. h3 Kh8 18. Bg4 f5 19. exf5 gxf5 20. Bf3 Bb7 21. Na5 Rb8
22. Nxb7 Rxb7 23. b4 cxb4 24. Ne2 Rb8 25. Nd4 Rc8 26. Qb3 Be5 27. Bh6 Rf6 28.
Bc1 Rg6 29. Qxb4 Nf6 30. Ne2 Qf7 31. Nf4 Rg7 32. Rfe1 Bxf4 33. Qxf4 Ncxd5 34.
Qxf5 Rc5 35. Bb2 Nc3 36. Qf4 Kg8 37. Rxd6 Rg6 38. Rxa6 Nfd5 39. Ra8+ Kg7 40.
Qd4+ Qf6 41. Ra7+ 1-0

[Event "Chigorin Memorial 2014"]
[Site "St Petersburg RUS"]
[Date "2014.10.23"]
[Round "6.113"]
[White "Mamatov, Melis"]
[Black "Rivonenko, Vladislav"]
[Result "0-1"]
[WhiteElo "2191"]
[BlackElo "2022"]
[WhiteFideId "13800027"]
[BlackFideId "24157660"]
[EventDate "2014.10.18"]

1. e4 e6 2. d3 d5 3. e5 c5 4. g3 Nc6 5. f4 b5 6. Bg2 Qb6 7. Nf3 Nh6 8. c3 Bd7 9.
O-O Rb8 10. h3 c4+ 11. d4 b4 12. g4 Be7 13. Qe2 bxc3 14. bxc3 Qa5 15. Nh2 Rb5
16. f5 exf5 17. Bxh6 gxh6 18. gxf5 Kd8 19. a4 Rb3 20. Qf3 Rg8 21. Ng4 h5 22. Nh6
Nxd4 23. Qxh5 Ne2+ 24. Qxe2 Qb6+ 25. Rf2 Qxh6 26. Kh2 Qh4 27. Qf3 Bc5 28. Re2
Bc6 29. Nd2 Rb2 30. Rd1 Kc7 31. Rf1 Bb7 32. Qf4 Qe7 33. f6 Qe6 34. Bf3 d4 35.
cxd4 Bxf3 36. Rxf3 Bb4 37. Rff2 c3 38. Ne4 Rxe2 39. Rxe2 Qc4 40. Rc2 Qxd4 41.
Rc1 Kc6 42. Qf5 Qe3 43. Rd1 Qe2+ 44. Nf2 Kb6 45. Qf4 Bc5 46. Rb1+ Ka6 47. e6
Bxf2 48. Kh1 Bb6 0-1

[Event "Chigorin Memorial 2014"]
[Site "St Petersburg RUS"]
[Date "2014.10.23"]
[Round "6.114"]
[White "Grachev, Andrey"]
[Black "Kobzar, Alexandr"]
[Result "1/2-1/2"]
[WhiteElo "2029"]
[BlackElo "2176"]
[WhiteFideId "24138290"]
[BlackFideId "14113660"]
[EventDate "2014.10.18"]

1. e4 c5 2. Nf3 a6 3. c4 d6 4. Nc3 Nc6 5. d4 Bg4 6. d5 Nd4 7. Be2 Nxe2 8. Qxe2
Nf6 9. O-O Nd7 10. h3 Bxf3 11. Qxf3 g6 12. Qe2 Bg7 13. Bf4 O-O 14. Bg3 Qa5 15.
f4 Bd4+ 16. Kh2 Qb4 17. Nd1 b5 18. Rc1 bxc4 19. Rxc4 Qb7 20. Rc2 Rfb8 21. Ne3 a5
22. f5 Ne5 23. Bxe5 Bxe5+ 24. Kh1 Qd7 25. Nc4 Bg7 26. fxg6 fxg6 27. Rd2 Bd4 28.
Rd3 Rb4 29. e5 dxe5 30. Nxe5 Qxd5 31. Ng4 Rb7 32. Rdf3 Bg7 33. b3 a4 34. Rd3 Qc6
35. Re3 axb3 36. axb3 h5 37. Ne5 Qe8 38. Qc2 Qb5 39. Rfe1 Bxe5 40. Rxe5 Ra6 41.
Rxc5 Qb4 42. Rce5 Rf6 43. R5e3 Ra7 44. Re4 Qd6 45. b4 Rc7 46. Qe2 Rb7 47. Rd1
Qc7 48. b5 Qc5 49. Re5 Qb4 50. Re1 Rd7 51. Re6 Rd2 52. Qe5 Qf4 53. Rxe7 Qxe5 54.
R1xe5 Rf7 55. R7e6 Kg7 56. Re2 Rxe2 57. Rxe2 Rf1+ 58. Kh2 Rb1 59. Re5 h4 60. Rc5
Kh6 61. Rc4 Kh5 62. Rc5+ Kh6 63. Rd5 g5 64. Rd6+ Kg7 65. b6 Kh7 1/2-1/2

[Event "Chigorin Memorial 2014"]
[Site "St Petersburg RUS"]
[Date "2014.10.23"]
[Round "6.115"]
[White "Altshul, Raffael"]
[Black "Stepanov, Andrey"]
[Result "1/2-1/2"]
[WhiteTitle "FM"]
[WhiteElo "2174"]
[BlackElo "2012"]
[WhiteFideId "4120280"]
[BlackFideId "24198730"]
[EventDate "2014.10.18"]

1. Nf3 Nf6 2. g3 e6 3. c4 d5 4. Bg2 c6 5. b3 Bd6 6. Bb2 O-O 7. O-O Re8 8. d4
Nbd7 9. Nbd2 Ne4 10. Nxe4 dxe4 11. Ne5 f5 12. f3 exf3 13. exf3 c5 14. f4 cxd4
15. Bxd4 Nxe5 16. Bxe5 Bxe5 17. Qxd8 Rxd8 18. fxe5 Rb8 19. Rfd1 Bd7 20. Rd6 Kf7
21. Rad1 Ke7 22. c5 Ke8 23. R1d4 a5 24. a3 Ke7 25. Kf2 g5 26. Ke3 Bc6 27. Bf1
Bd5 28. Bc4 Bxc4 29. Rxc4 Rbc8 30. b4 Rxd6 31. exd6+ Kd7 32. Kd4 Rf8 33. b5 Rc8
34. Ke5 f4 35. gxf4 gxf4 36. c6+ bxc6 37. Rxf4 cxb5 38. Rf7+ Kc6 39. d7 Rd8 40.
Kxe6 b4 41. axb4 axb4 42. Rf1 b3 43. Rc1+ Kb7 44. Ke7 b2 45. Rb1 Kc7 46. Rxb2
Rxd7+ 1/2-1/2

[Event "Chigorin Memorial 2014"]
[Site "St Petersburg RUS"]
[Date "2014.10.23"]
[Round "6.116"]
[White "Tokhirjonova, Gulrukhbegim"]
[Black "Kopasov, Evgeny"]
[Result "1-0"]
[WhiteTitle "WFM"]
[WhiteElo "2160"]
[BlackElo "1997"]
[WhiteFideId "14203626"]
[BlackFideId "4181239"]
[EventDate "2014.10.18"]

1. e4 c5 2. Nf3 Nc6 3. Bb5 g6 4. O-O Bg7 5. c3 Nf6 6. Re1 O-O 7. d4 d5 8. e5 Ne4
9. h3 cxd4 10. cxd4 Bd7 11. Bd3 Nb4 12. Nc3 Nxd3 13. Qxd3 Nxc3 14. bxc3 Qa5 15.
Bd2 Qa4 16. Qe3 Be6 17. Qg5 f6 18. Qg3 Qd7 19. h4 Bf5 20. Nh2 Kh8 21. Rac1 Rac8
22. Bf4 Rfe8 23. Qe3 Kg8 24. Re2 h5 25. Nf1 Rc6 26. Ng3 Kh7 27. Qd2 Rec8 28.
exf6 Bxf6 29. Bg5 Rf8 30. Rce1 Rf7 31. Bxf6 exf6 32. Nxf5 Qxf5 33. Re8 Qd7 34.
Qf4 Rc8 35. R8e6 Rc6 36. R6e3 Qd6 37. Qf3 Qd7 38. Re8 a6 39. R1e3 Rc7 40. Rb8
Qd6 41. Ree8 Rfe7 42. Rh8+ Kg7 43. g3 f5 44. Rbg8+ Kf7 45. Rd8 Rcd7 46. Rdf8+
Kg7 47. Rhg8+ Kh7 48. Kh2 Re6 49. Rc8 Rde7 50. Rh8+ Kg7 51. Rcg8+ Kf7 52. Rd8
Qc7 53. Rh7+ Kf6 54. Rf8+ 1-0

[Event "Chigorin Memorial 2014"]
[Site "St Petersburg RUS"]
[Date "2014.10.23"]
[Round "6.117"]
[White "Koshil, Tikhon"]
[Black "Radkov, Bazhen D."]
[Result "1-0"]
[WhiteElo "1975"]
[BlackElo "2160"]
[WhiteFideId "4126637"]
[BlackFideId "24170593"]
[EventDate "2014.10.18"]

1. e4 e6 2. d3 d5 3. Nd2 c5 4. Ngf3 Nc6 5. g3 Nf6 6. Bg2 g6 7. O-O Bg7 8. c3 O-O
9. Re1 a5 10. Qe2 Re8 11. Nh4 b6 12. f4 Ba6 13. e5 Nd7 14. Bf1 f6 15. exf6 Qxf6
16. Qg4 Rad8 17. Ndf3 a4 18. Bd2 b5 19. Re3 e5 20. Rae1 Qf8 21. Qh3 Bc8 22. Qg2
exf4 23. Rxe8 Rxe8 24. Rxe8 Qxe8 25. Bxf4 h6 26. Bd2 Nf6 27. Qe2 Qf7 28. Ng2 g5
29. a3 Qh5 30. Nge1 c4 31. dxc4 dxc4 32. Bg2 Bf5 33. Qe3 Nd5 34. Qc5 Nce7 35.
Nxg5 hxg5 36. Bxd5+ Kf8 37. Bf3 g4 38. Be4 Qg6 39. Bxf5 Qxf5 40. Qxf5+ Nxf5 41.
Ng2 Ke7 42. Kf2 Kd6 43. Nh4 Ne7 44. Bg5 1-0

[Event "Chigorin Memorial 2014"]
[Site "St Petersburg RUS"]
[Date "2014.10.23"]
[Round "6.118"]
[White "Dilmukhametov, Artur"]
[Black "Soldatov, Arnold"]
[Result "1-0"]
[WhiteElo "2157"]
[BlackElo "1984"]
[WhiteFideId "24179922"]
[BlackFideId "24135623"]
[EventDate "2014.10.18"]

1. e4 Nf6 2. e5 Nd5 3. d4 d6 4. c4 Nb6 5. exd6 exd6 6. Nc3 Be7 7. Bd3 Nc6 8.
Nge2 O-O 9. h3 Bf6 10. O-O Nb4 11. Bb1 Re8 12. a3 Nc6 13. b3 Ne7 14. Ng3 c5 15.
Be3 Nc6 16. Nge2 cxd4 17. Nxd4 d5 18. c5 Nd7 19. Nxd5 Bxd4 20. Bxd4 Nxd4 21.
Qxd4 Ne5 22. f4 Nc6 23. Qd3 g6 24. Rd1 Be6 25. Ne3 Qf6 26. Bc2 Qxf4 27. Qc3 Rad8
28. Rxd8 Rxd8 29. Rf1 Qg5 30. Be4 Bxh3 31. Nd5 Rxd5 32. Bxd5 Qxd5 33. Qxh3 Qxc5+
34. Kh1 Qxa3 35. Qc8+ Qf8 36. Qh3 Qe8 37. Qh4 Qe7 38. Qxe7 Nxe7 39. Rd1 Nc6 40.
Rd7 b5 41. Rc7 Nd4 42. b4 h5 43. Kg1 a6 44. Kf2 Kg7 45. Ke3 Nf5+ 46. Kf4 Nd4 47.
Ke4 Nb3 48. Ra7 Nd2+ 49. Kd4 Nc4 50. Rxa6 g5 51. Ra5 Nd6 52. Kd5 Nc8 53. Rxb5 h4
54. Rc5 Na7 55. Kc4 Kg6 56. Rc7 g4 57. Rxa7 f5 58. b5 h3 59. gxh3 g3 60. b6 g2 1-0

[Event "Chigorin Memorial 2014"]
[Site "St Petersburg RUS"]
[Date "2014.10.23"]
[Round "6.119"]
[White "Puzko, Danila"]
[Black "Isaev, Chingys"]
[Result "1-0"]
[WhiteElo "2154"]
[BlackElo "1957"]
[WhiteFideId "24153745"]
[BlackFideId "13801660"]
[EventDate "2014.10.18"]

1. d4 d5 2. c4 e6 3. Nc3 Be7 4. Nf3 Nf6 5. Bg5 O-O 6. e3 h6 7. Bh4 Ne4 8. Bxe7
Qxe7 9. Rc1 c6 10. Bd3 Nxc3 11. Rxc3 Nd7 12. cxd5 exd5 13. Qc2 Nf6 14. h3 Ne4
15. Bxe4 dxe4 16. Ne5 Be6 17. a3 Bd5 18. O-O Qe6 19. Rc1 f5 20. b4 f4 21. exf4
Rxf4 22. a4 a6 23. Qe2 Raf8 24. Rf1 Qf5 25. Rg3 Rf6 26. Ng4 Rg6 27. b5 axb5 28.
axb5 Qe6 29. Qe3 Rf8 30. bxc6 Bxc6 31. Rd1 Re8 32. Ne5 Rxg3 33. Qxg3 Bd5 34. Rc1
Rc8 35. Rxc8+ Qxc8 36. Ng4 Qc1+ 37. Kh2 Qc6 38. Ne3 b5 39. Qe5 Bf7 40. d5 Qd7
41. Nf5 Bg6 42. Ne7+ Kf7 43. d6 Bh7 44. Qd5+ Kf8 45. Nc6 Bg8 46. Qc5 Be6 47. Ne5
Qd8 48. d7+ Kg8 49. Qd6 1-0

[Event "Chigorin Memorial 2014"]
[Site "St Petersburg RUS"]
[Date "2014.10.23"]
[Round "6.120"]
[White "Petrushev., Nikita"]
[Black "Smirnov, Mikhail"]
[Result "1/2-1/2"]
[WhiteElo "1974"]
[BlackElo "2147"]
[WhiteFideId "34117803"]
[BlackFideId "4146123"]
[EventDate "2014.10.18"]

1. e4 e5 2. Nf3 Nc6 3. Bb5 f5 4. exf5 e4 5. Qe2 Qe7 6. Bxc6 dxc6 7. Nd4 Qe5 8.
Ne6 Bxe6 9. fxe6 Bd6 10. Nc3 Nf6 11. b3 O-O 12. Bb2 Rae8 13. O-O-O Rxe6 14. Rde1
Rfe8 15. Kb1 b5 16. h3 a5 17. Nd1 Qc5 18. Qe3 Qd5 19. Nc3 Qe5 20. Nd1 Qf5 21.
Qe2 a4 22. g4 Qc5 23. Qe3 axb3 24. axb3 Nd5 25. Qxc5 Bxc5 26. Ne3 Rf8 27. Ref1
Rf3 28. h4 Rd6 29. Kc1 Bb4 30. Nf5 Rd7 31. Nd4 Rf4 32. c3 Bd6 33. g5 Rdf7 34.
Nxc6 Rxf2 35. Rxf2 Rxf2 36. Re1 Bf4 37. Rxe4 Bxd2+ 38. Kb1 Nxc3+ 39. Bxc3 Bxc3
40. Ne7+ Kf7 41. Nd5 Bd2 42. Re7+ Kf8 43. Rxc7 Rf5 44. Rc8+ Kf7 45. Rc7+ Ke6 46.
Nb6 Rf7 47. Rxf7 Kxf7 48. Nd7 Bb4 49. Ne5+ Ke6 50. Nf3 Kf5 51. Nd4+ Kg4 52. g6
h5 53. Kc2 Be7 54. Kd3 Bxh4 55. Ke2 b4 56. Nc6 Bf6 57. Nxb4 Kg3 58. Kf1 Bd4 59.
Nd3 h4 60. Nc1 Be5 61. Kg1 Kg4 62. Nd3 Bd6 63. b4 Kf5 64. b5 Kxg6 65. Kg2 Kh5
66. Nf2 g5 67. Ne4 Bb8 68. Nxg5 1/2-1/2

[Event "Chigorin Memorial 2014"]
[Site "St Petersburg RUS"]
[Date "2014.10.23"]
[Round "6.121"]
[White "Mikhailov, Ivan"]
[Black "Ivanov, Sergei V."]
[Result "1-0"]
[WhiteElo "1959"]
[BlackElo "2146"]
[WhiteFideId "24153737"]
[BlackFideId "24170003"]
[EventDate "2014.10.18"]

1. d4 Nc6 2. e4 d5 3. e5 Bf5 4. c3 f6 5. Bf4 fxe5 6. dxe5 e6 7. Bd3 Nge7 8. Nf3
Bxd3 9. Qxd3 Ng6 10. Bg3 Qd7 11. Nbd2 a6 12. Nb3 Nce7 13. c4 Nf5 14. cxd5 Bb4+
15. Nbd2 Qxd5 16. Qxd5 exd5 17. O-O O-O-O 18. Nb3 h5 19. h3 Nxg3 20. fxg3 Be7
21. Rac1 Rhf8 22. Kh2 Kd7 23. Rfd1 c6 24. Nbd4 Rfe8 25. a3 Bf8 26. Re1 Kc8 27.
Nxc6 bxc6 28. Rxc6+ Kb7 29. Rxg6 Rc8 30. e6 Rc2 31. Nd4 Rxb2 32. e7 Rxe7 33.
Rxe7+ Bxe7 34. Rxg7 1-0

[Event "Chigorin Memorial 2014"]
[Site "St Petersburg RUS"]
[Date "2014.10.23"]
[Round "6.122"]
[White "Zherebtsova, Alexandra"]
[Black "Filyanin, Daniil"]
[Result "1/2-1/2"]
[WhiteTitle "WFM"]
[WhiteElo "2142"]
[BlackElo "1947"]
[WhiteFideId "24129518"]
[BlackFideId "24177300"]
[EventDate "2014.10.18"]

1. d4 d5 2. Nf3 Nf6 3. c4 e6 4. Nc3 c6 5. e3 Nbd7 6. Qc2 Bd6 7. Bd3 dxc4 8. Bxc4
b5 9. Bd3 a6 10. O-O Bb7 11. e4 e5 12. h3 c5 13. d5 c4 14. Be2 Rc8 15. Bg5 Nc5
16. Nd2 O-O 17. Nd1 h6 18. Bh4 Be7 19. Bg3 Nfd7 20. Nf3 f5 21. exf5 e4 22. Nd2
Bxd5 23. Nc3 Nf6 24. Rad1 Nd3 25. Kh1 Bc5 26. f3 exf3 27. Nxf3 Ne4 28. Bh4 Be7
29. Bxd3 cxd3 30. Qxd3 Nxc3 31. bxc3 Bxh4 32. Qxd5+ Qxd5 33. Rxd5 Bf6 34. Rd6
Bxc3 35. Rxa6 Rxf5 36. Rc1 Rfc5 37. g4 b4 38. Kg2 Bb2 39. Rxc5 Rxc5 40. Ne1 Rd5
41. Re6 Bc3 42. Kf2 Kf7 43. Re2 Kf6 44. Nf3 Rd6 45. Rc2 Ke6 46. a3 1/2-1/2

[Event "Chigorin Memorial 2014"]
[Site "St Petersburg RUS"]
[Date "2014.10.23"]
[Round "6.123"]
[White "Gantsevich, Aleksei"]
[Black "Pyatin, Alexander"]
[Result "0-1"]
[WhiteElo "1955"]
[BlackElo "2142"]
[WhiteFideId "24131610"]
[BlackFideId "24125920"]
[EventDate "2014.10.18"]

1. d4 Nf6 2. c4 c5 3. d5 e6 4. Nc3 exd5 5. Nxd5 Nxd5 6. Qxd5 Nc6 7. Nf3 d6 8. e4
Be6 9. Qd1 Be7 10. Be2 O-O 11. O-O Bf6 12. Rb1 Re8 13. Bf4 Be5 14. Bg5 Qc7 15.
Nh4 h6 16. Be3 Qe7 17. Nf3 f5 18. Nxe5 Nxe5 19. exf5 Bxf5 20. Rc1 Rad8 21. Re1
Kh8 22. Qd2 Qf7 23. b3 Qg6 24. Bf4 Be4 25. Bg3 Nc6 26. Qd1 Qf7 27. Bh5 g6 28.
Rxe4 Rxe4 29. Bf3 Rd4 30. Qc2 Nb4 31. Qc3 Kh7 32. Re1 Re8 33. Rxe8 Qxe8 34. h3
h5 35. a3 Nd3 36. Kh2 b6 37. b4 Qe1 38. Qxe1 Nxe1 39. Bd5 cxb4 40. axb4 b5 41.
f4 Nd3 42. f5 gxf5 43. Bf7 h4 0-1

[Event "Chigorin Memorial 2014"]
[Site "St Petersburg RUS"]
[Date "2014.10.23"]
[Round "6.124"]
[White "Dushin, Nikolay"]
[Black "Manin, Viktor"]
[Result "0-1"]
[WhiteElo "1947"]
[BlackElo "2137"]
[WhiteFideId "4114612"]
[BlackFideId "14201291"]
[EventDate "2014.10.18"]

1. e4 d6 2. d4 Nf6 3. Nc3 g6 4. Nf3 Bg7 5. Bg5 c6 6. Qd2 b5 7. a3 Qa5 8. Bd3
Nbd7 9. O-O O-O 10. e5 dxe5 11. dxe5 Ng4 12. Bxe7 Re8 13. Bd6 Ngxe5 14. Nxe5
Nxe5 15. Bb4 Qc7 16. Ne4 Be6 17. Ba5 Qe7 18. Be2 Qh4 19. Nd6 Re7 20. f4 Ng4 21.
h3 Nf6 22. Bf3 Nd5 23. f5 Be5 24. Qe1 Qxe1 25. Raxe1 Bxd6 26. fxe6 fxe6 27. Be4 0-1

[Event "Chigorin Memorial 2014"]
[Site "St Petersburg RUS"]
[Date "2014.10.23"]
[Round "6.125"]
[White "Semenenko, Sergey"]
[Black "Fedoseeva, Valentina"]
[Result "1-0"]
[WhiteElo "2130"]
[BlackElo "1946"]
[WhiteFideId "4173767"]
[BlackFideId "4169875"]
[EventDate "2014.10.18"]

1. d4 d5 2. Nf3 Nf6 3. c4 e6 4. Nc3 Be7 5. Bg5 O-O 6. e3 b6 7. Qb3 dxc4 8. Bxc4
Bb7 9. O-O Nbd7 10. Rfd1 Re8 11. Rac1 Rc8 12. Rd2 Ne4 13. Nxe4 Bxe4 14. Bxe7
Qxe7 15. Ba6 Rcd8 16. Qd1 c5 17. Bb5 Rf8 18. h3 Qf6 19. Qe2 Qg6 20. Bd3 Bxd3 21.
Qxd3 Qxd3 22. Rxd3 g6 23. Ra3 a5 24. Rb3 Rb8 25. Kf1 Rfc8 26. Rbc3 f6 27. dxc5
Nxc5 28. Nd4 Kf7 29. Nb3 a4 30. Nd4 e5 31. Nb5 Rd8 32. Ke2 Rd5 33. Rd1 Rbd8 34.
Rxd5 Rxd5 35. Nc7 Rd7 36. Nb5 Ke6 37. Rc4 Kd5 38. Rb4 Kc6 39. Nc3 Ra7 40. a3 Ra8
41. f3 Ra7 42. e4 f5 43. exf5 gxf5 44. g4 fxg4 45. fxg4 Ra8 46. g5 Ra5 47. Rh4
Ne6 48. Rh6 Kd6 49. h4 1-0

[Event "Chigorin Memorial 2014"]
[Site "St Petersburg RUS"]
[Date "2014.10.23"]
[Round "6.126"]
[White "Makarevich, Julia"]
[Black "Ivanov, Rostislav"]
[Result "0-1"]
[BlackTitle "FM"]
[WhiteElo "1934"]
[BlackElo "2129"]
[WhiteFideId "24115096"]
[BlackFideId "4160495"]
[EventDate "2014.10.18"]

1. d4 Nf6 2. c4 c5 3. d5 e6 4. Nc3 exd5 5. cxd5 d6 6. Nf3 g6 7. Bf4 Bg7 8. Qa4+
Bd7 9. Qb3 Qc7 10. e4 O-O 11. Nd2 Re8 12. Be2 a6 13. a4 Bc8 14. O-O Nbd7 15.
Rfe1 Rb8 16. Nc4 Bf8 17. Nd2 Ne5 18. a5 h6 19. Bxe5 Rxe5 20. f4 Re8 21. Bd3 Bg7
22. Nc4 Qd8 23. e5 dxe5 24. Nxe5 Ng4 25. Nf3 b5 26. axb6 Rxe1+ 27. Rxe1 Rxb6 28.
Qc4 Rxb2 29. Qxc5 Rb3 30. Rc1 Bf8 31. Qc4 Qb6+ 32. Nd4 Rb4 0-1

[Event "Chigorin Memorial 2014"]
[Site "St Petersburg RUS"]
[Date "2014.10.23"]
[Round "6.127"]
[White "Kiseleva, Arina"]
[Black "Pimenov, Valeri"]
[Result "1-0"]
[WhiteTitle "WCM"]
[WhiteElo "1922"]
[BlackElo "2118"]
[WhiteFideId "4164989"]
[BlackFideId "4150716"]
[EventDate "2014.10.18"]

1. d4 Nf6 2. Nf3 e6 3. c4 b6 4. e3 Bb7 5. Nc3 Bb4 6. Bd3 O-O 7. O-O Bxc3 8. bxc3
d6 9. Re1 Nbd7 10. e4 e5 11. h3 Re8 12. Qc2 a5 13. Kh2 Qe7 14. d5 Nf8 15. g3 Ng6
16. Be3 h6 17. Ng1 Bc8 18. Re2 Nh7 19. Rf1 h5 20. f4 h4 21. f5 hxg3+ 22. Kxg3
Qh4+ 23. Kh2 Nf4 24. Bxf4 exf4 25. Qd2 Nf6 26. Rxf4 Qh6 27. Rg2 Nd7 28. Nf3 Nc5
29. Bc2 Ba6 30. Rfg4 Qxd2 31. Rxg7+ Kf8 32. Nxd2 Ke7 33. R2g6 Rf8 34. f6+ Kd7
35. Rh6 a4 36. Rhh7 Ke8 37. Bd1 Rd8 38. Bh5 Rd7 39. Bg4 Rd8 40. Be6 Rd7 41.
Bxd7+ Nxd7 42. Rh6 Ne5 43. Rgh7 Kd7 44. Rh8 Rxh8 45. Rxh8 Nxc4 46. Nxc4 Bxc4 47.
Rf8 Bxa2 48. Rxf7+ Kd8 49. Rf8+ 1-0

[Event "Chigorin Memorial 2014"]
[Site "St Petersburg RUS"]
[Date "2014.10.23"]
[Round "6.128"]
[White "Ivanov, Artem"]
[Black "Petukhov, Vasily N."]
[Result "1-0"]
[WhiteElo "1913"]
[BlackElo "2113"]
[WhiteFideId "34101990"]
[BlackFideId "4155602"]
[EventDate "2014.10.18"]

1. e4 c5 2. Nf3 Nc6 3. Bb5 e6 4. O-O Nge7 5. Re1 a6 6. Bf1 d6 7. c3 d5 8. e5 Ng6
9. d4 Be7 10. g3 Qb6 11. a3 a5 12. h4 h5 13. Bd3 Nf8 14. Bc2 Bd7 15. Ra2 O-O-O
16. Be3 c4 17. b3 cxb3 18. Bxb3 Qa6 19. Nbd2 Kb8 20. Ba4 Ka8 21. Qb3 Na7 22.
Bxd7 Nxd7 23. c4 a4 24. Qc2 dxc4 25. Qxc4 Qxc4 26. Nxc4 b5 27. Nd6 Bxd6 28. exd6
f6 29. Bd2 Rhe8 30. Ba5 Rc8 31. Rae2 Nc6 32. Bc7 e5 33. d5 Ne7 34. Nd4 Nxd5 35.
Nxb5 Kb7 36. Rb2 Nc5 37. Nc3+ Kc6 38. Nxd5 Kxd5 39. Rd1+ Ke6 40. Rb6 Nd7 41. Rb4
Ra8 42. Rc1 Ra6 43. g4 g6 44. f3 Rg8 45. Kf2 Kf7 46. Ke3 Ke6 47. Rg1 Kf7 48.
gxh5 gxh5 49. Rxg8 Kxg8 50. Ke4 Kf7 51. Kf5 Rc6 52. Rxa4 Rc3 53. f4 Rf3 54. Bd8
Rxf4+ 55. Rxf4 exf4 56. Kxf4 Ke6 57. Be7 Nc5 58. Ke3 Ke5 59. a4 f5 60. a5 f4+
61. Kf3 Kf5 62. a6 1-0